| 000 | 00617nam a2200217 i 4500 | ||
|---|---|---|---|
| 001 | 69613 | ||
| 003 | ES-MaACL | ||
| 005 | 20230906170547.0 | ||
| 007 | t| | ||
| 008 | 040708s1981 sp ||||1| spa d | ||
| 020 | _a84-344-0832-5 | ||
| 100 | 1 |
_aGarcía Fernández, Jesús. _954598 |
|
| 245 | 1 | 0 |
_aDesarrollo y atonía en Castilla / _cJesús García Fernández. |
| 250 | _a[1ª ed.]. | ||
| 260 |
_aBarcelona : _bAriel, _c1981. |
||
| 300 |
_a268 p. ; _c18 cm. |
||
| 490 | 1 |
_aAriel quincenal ; _v166 |
|
| 830 | 0 |
_aAriel quincenal ; _v166 _9180806 |
|
| 852 |
_aES-MaACL _jL-10730 _bR.110489 |
||
| 999 |
_c69613 _d69613 |
||